Guess the 1960s song lyrics #98 - Statistics

General Stats
  • This quiz has been taken 25 times
  • The average score is 67 of 116
Answer Stats
Answer % Correct
A
100%
a
100%
the
100%
I
95%
and
91%
And
91%
in
86%
In
86%
of
86%
be
82%
me
82%
Where
82%
where
82%
are
77%
he
77%
love
77%
my
77%
for
73%
I'll
73%
there
73%
to
68%
some
64%
then
64%
boys
55%
know
55%
mine
55%
will
50%
He's
41%
he's
41%
true
41%
wait
41%
waits
36%
Connie Francis
32%
someone
32%
world
32%
down
27%
people
23%
find
18%
lookin
18%
street
18%
tell
18%
arms
14%
crowd
14%
hold
14%
holds
14%
million
14%
Til
14%
town
14%
two
14%
valentine
14%
walkin
14%
climb
9%
embrace
9%
face
9%
highest
9%
impatiently
9%
smilin
9%
steeple
9%
tenderly
9%
warm
9%
No matching quizzes found
Score Distribution
Percent of People with Each Score
Percentile by Number Answered
Your Score History
You have not taken this quiz